[Event "ICA Sumr Classic"]
[Site "Twin Falls, ID"]
[Date "2007.07.15"]
[Round "5.3"]
[White "Harmon-Vellotti, Luke"]
[Black "Roland, Jeffrey T"]
[Result "1-0"]
[WhiteElo "1583"]
[BlackElo "1734"]

1. e4 c5 2. Nc3 d6 3. f4 g6 4. Nf3 Bg7 5. Bb5+ Bd7 6. Bxd7+ Nxd7 7. O-O Ngf6
8. d3 O-O 9. Qe1 e6 10. b3 a6 11. Bb2 Qc7 12. Qh4 Nh5 13. Na4 Qd8 14. Qxd8
Raxd8 15. Bxg7 Kxg7 16. g3 b5 17. Nc3 Nb6 18. Rae1 Kg8 19. Kg2 Rfe8 20. Re2 b4
21. Nd1 d5 22. Nf2 f6 23. Nd2 f5 24. exf5 exf5 25. Rfe1 Kf7 26. Nf3 Rxe2 27.
Rxe2 Rd6 28. Ng5+ Kf6 29. Nxh7+ Kf7 30. Ng5+ Kf6 31. Kf3 Rc6 32. Re5 d4 33.
Re8 Nd5 34. Rf8+ Ke7 35. Rf7+ Ke8 36. Nd1 Nhf6 37. Rg7 Ng4 38. h3 Nge3 39.
Nxe3 Nxe3 40. Nf7 Kf8 41. Ne5 Kxg7 42. Nxc6 Nxc2 43. Nb8 Ne3 44. Nxa6 Nd5 45.
Nxc5 Nc3 46. Ne6+ Kf6 47. Nxd4 Nxa2 48. Nc6 Nc1 49. Nxb4 Nxb3 50. Nc6 Nd2+ 51.
Ke3 Nf1+ 52. Kf2 Nd2 53. Ne5 Nb3 54. Ke3 Nc5 55. Nf3 Nb7 56. Kd4 Nd8 57. Kd5
Ne6 58. d4 Ng7 59. Kc6 Nh5 60. d5 Nxg3 61. d6 {#r} 1-0

[Event "ICA Sumr Classic"]
[Site "Twin Falls, ID"]
[Date "2007.07.15"]
[Round "5.4"]
[White "Bartell, Fred"]
[Black "Pinedo, Javier A"]
[Result "1-0"]
[WhiteElo "1780"]
[BlackElo "1803"]

1. e4 e5 2. Nf3 Nc6 3. Bb5 a6 4. Ba4 b5 5. Bb3 Bc5 6. d3 d6 7. Bg5 f6 8. Bh4
Bg4 9. h3 Bh5 10. c3 Nge7 11. g4 Bg6 12. g5 f5 13. Nbd2 Bh5 14. Be6 f4 15. Qb3
Rf8 16. Rg1 g6 17. Nh2 Na5 18. Qc2 Ba7 19. Ndf3 Nb7 20. Ng4 Bxg4 21. Bxg4 Nc6
22. Be6 Ne7 23. a4 Nc5 24. Bb3 Qd7 25. Rg4 c6 26. axb5 axb5 27. Rd1 Nxb3 28.
Qxb3 Bb6 29. d4 Qc7 30. dxe5 d5 31. Qc2 Ra4 32. exd5 cxd5 33. Qd3 Kf7 34. Qxb5
Re4+ 35. Kf1 Rb8 36. Qd3 Ba5 37. b4 Bb6 38. Re1 Rxe1+ 39. Kxe1 Rc8 40. Rxf4+
Kg7 41. Kd2 Nf5 42. Bg3 Qa7 43. Ne1 d4 44. c4 Qa2+ 45. Qc2 Qa6 46. c5 Qa3 47.
Nd3 Qa1 48. Qb2 Qg1 49. Rxf5 gxf5 50. Qxd4 Rd8 51. Qh4 Bc7 52. Qh6+ Kg8 53.
Qe6+ Kh8 54. Qxf5 Qb1 55. Qf6+ Kg8 56. Qe6+ Kh8 57. Qf5 Qxb4+ 58. Ke3 Qd4+ 59.
Ke2 Qd5 60. h4 Ba5 61. Ke3 Qd4+ 62. Ke2 Qc4 63. e6 Qc2+ 64. Kf1 Qxd3+ 65. Qxd3
Rxd3 66. e7 Rd1+ 67. Kg2 Re1 68. Bd6 Kg7 69. h5 Kf7 {(Something gets missed on
the score sheet here, because the next move if Kf2. Presumably the pawn must
have gone to f4 since it's next movement is to f5. Suffice it to say that
White won within the next 10 moves.)} {#r} 1-0

[Event "ICA Sumr Classic"]
[Site "Twin Falls, ID"]
[Date "2007.07.15"]
[Round "5.6"]
[White "Abderhalden, Katherine Louise"]
[Black "Harmon-Vellotti, Carl Honor"]
[Result "0-1"]
[WhiteElo "1026"]
[BlackElo "1379"]

1. e4 e5 2. Nf3 Nc6 3. Bc4 Bc5 4. Nc3 Nf6 5. d3 d6 6. Bg5 Be6 7. O-O Bb4 8.
Nd5 Bxd5 9. Bxd5 h6 10. Bxf6 Qxf6 11. c3 Bc5 12. Qc2 Rb8 13. Rad1 Ne7 14. Bb3
Ng6 15. d4 Bb6 16. dxe5 dxe5 17. Ne1 O-O 18. Nd3 Rbd8 19. Qe2 Kh8 20. Kh1 Qg5
21. Qf3 Rd7 22. Qg3 Qf6 23. Rc1 Rfd8 24. Bc4 c6 25. Rcd1 Bc7 26. h3 b5 27. Bb3
Bb6 28. Bc2 a5 29. f3 c5 30. Nf2 c4 31. Rxd7 Rxd7 32. Rd1 Rxd1+ 33. Bxd1 Qf4
34. Qxf4 Nxf4 35. Kh2 Bxf2 36. b3 cxb3 37. axb3 b4 38. cxb4 axb4 39. g3 Nd3
40. Kg2 Be1 41. Kf1 Bxg3 42. Kg2 Bf4 43. Kf1 Kh7 44. Ke2 Nc5 45. Bc2 Kg6 46.
Kf2 Kh5 47. Kg2 Kh4 48. Bd1 Nd3 49. Kf1 Kxh3 50. Kg1 Be3+ 51. Kf1 Kg3 52. Be2
Nf4 53. Bd1 h5 54. Bc2 h4 55. Ke1 h3 56. Kf1 h2 57. Ke1 h1=Q# 0-1

[Event "ICA Sumr Classic"]
[Site "Twin Falls, ID"]
[Date "2007.07.15"]
[Round "5.7"]
[White "Keelan, Thomas P"]
[Black "Abderhalden, Richard Robert"]
[Result "1-0"]
[WhiteElo "1363"]
[BlackElo "875"]

1. e4 d6 2. f4 Nf6 3. Nc3 g6 4. Nf3 Nbd7 5. d4 Bg7 6. e5 Ng8 7. Be2 e6 8. O-O
Ne7 9. Be3 O-O 10. g4 b6 11. g5 Bb7 12. Nd2 Nf5 13. Bf2 h6 14. h4 hxg5 15.
hxg5 Kh7 16. Nde4 Rh8 17. Bf3 Rb8 18. Nf6+ Bxf6 19. exf6 Kg8 20. Bxb7 Rxb7 21.
Qf3 Rb8 22. Ne2 Qc8 23. Kg2 c5 24. c3 e5 25. d5 Qd8 26. Rh1 Nxf6 27. Rxh8+
Kxh8 28. Rh1+ Kg7 29. gxf6+ Qxf6 30. Qg4 Qe7 31. Qh3 Rg8 32. Kf1 Kf8 33. fxe5
Qxe5 34. Qd3 Rh8 35. Rxh8+ Qxh8 36. Ng3 Nxg3+ 37. Qxg3 Qh5 38. Qxd6+ Kg7 39.
Kg2 Qg5+ 40. Kf3 Qf6+ 41. Qxf6+ Kxf6 42. Ke4 Ke7 43. c4 f5+ 44. Ke5 a6 45.
Bh4+ Kd7 46. Kf6 b5 47. b3 f4 48. Kxg6 {#r} 1-0

[Event "ICA Sumr Classic"]
[Site "Twin Falls, ID"]
[Date "2007.07.15"]
[Round "5.8"]
[White "Laimana, Jershon"]
[Black "Viveros SE, Christopher Juan"]
[Result "1/2-1/2"]
[WhiteElo "1368"]
[BlackElo "838"]

1. e4 e5 2. Nf3 Nc6 3. Bb5 Nd4 4. Nxd4 exd4 5. d3 c6 6. Ba4 d5 7. Bb3 dxe4 8.
dxe4 c5 9. O-O b6 10. Qf3 Qd7 11. Bd5 Bb7 12. Bg5 Be7 13. Bxe7 Qxe7 14. Nd2
Rd8 15. Rfe1 Nf6 16. Re2 O-O 17. Bxb7 Qxb7 18. Rae1 Qd7 19. c3 d3 20. Re3 b5
21. e5 Ne8 22. Qg3 Nc7 23. Ne4 Qf5 24. Rxd3 Rxd3 25. Qxd3 Qxe5 26. Qd7 h6 27.
Nf6+ Qxf6 28. Qxc7 Qd8 29. Qxc5 Qd2 30. Rf1 Qxb2 31. Qxa7 Qxc3 32. g3 b4 33.
Qa5 Rb8 34. Rb1 {#d} 1/2-1/2

[Event "ICA Sumr Classic"]
[Site "Twin Falls, ID"]
[Date "2007.07.15"]
[Round "5.9"]
[White "Patterson, Emily N"]
[Black "Patterson, Katie Rae"]
[Result "1-0"]
[WhiteElo "1063"]
[BlackElo "584"]

1. e4 e5 2. Nf3 Nc6 3. Bb5 a6 4. Ba4 Nf6 5. O-O Bc5 6. d3 d6 7. h3 O-O 8. Bg5
Be6 9. Bxc6 bxc6 10. Nc3 Bb4 11. Ne2 Rb8 12. a3 Bc5 13. b4 Bb6 14. Ng3 d5 15.
Nh4 dxe4 16. Nxe4 Bd5 17. Nxf6+ gxf6 18. Bh6 Re8 19. Qg4+ Kh8 20. Qg7# 1-0

[Event "Sumr Classic (Open)"]
[Site "Boise, ID"]
[Date "2010.06.26"]
[Round "1.3"]
[White "Dominick, Matthew Thomas"]
[Black "Roland, Jeffrey T"]
[Result "0-1"]
[WhiteElo "1369"]
[BlackElo "1754"]

1. Nf3 Nf6 2. g3 g6 3. Bg2 Bg7 4. O-O O-O 5. c4 d5 6. cxd5 Nxd5 7. Qb3 Nb6 8.
Nc3 Nc6 9. d3 Be6 10. Qd1 h6 11. Be3 Nd5 12. Nxd5 Bxd5 13. a3 Na5 14. Qa4 b6
15. d4 Kh7 16. Nd2 Bxg2 17. Kxg2 Qd5+ 18. Kg1 Rfd8 19. Rfd1 Bxd4 20. Nf3 c5
21. b4 Qc6 22. b5 Qf6 23. Bxd4 cxd4 24. Nxd4 Rac8 25. Rab1 Rc4 26. Rb4 Rdxd4
27. Rxd4 Qxd4 28. Rxc4 Qxc4 29. Qxc4 Nxc4 30. a4 Nb2 31. a5 bxa5 32. Kf1 {#R}
0-1

[Event "Sumr Classic (Open)"]
[Site "Boise, ID"]
[Date "2010.06.26"]
[Round "1.4"]
[White "Ungureanu, Razvan"]
[Black "Lang, Jamie"]
[Result "1-0"]
[WhiteElo "1700"]
[BlackElo "1411"]

1. e4 e5 2. Nf3 Nf6 3. Nxe5 d6 4. Nf3 Nxe4 5. Nc3 Nxc3 6. dxc3 Be7 7. Be3 Be6
8. Qd2 Nd7 9. O-O-O Nf6 10. Bd3 O-O 11. h4 Bg4 12. Rdg1 c5 13. Ng5 Qa5 14. Kb1
b5 15. f3 Be6 16. Nxe6 fxe6 17. g4 c4 18. Be2 d5 19. g5 Nd7 20. g6 hxg6 21.
Rxg6 Rf6 22. Rhg1 Rxg6 23. Rxg6 Nf8 24. Rg1 Bxh4 25. Bd4 e5 26. Bxe5 Ne6 27.
Qxd5 Re8 28. Rxg7+ {#r} 1-0

[Event "Sumr Classic (Open)"]
[Site "Boise, ID"]
[Date "2010.06.26"]
[Round "1.5"]
[White "Patterson, Kevin R"]
[Black "Douglas, Kurt P"]
[Result "0-1"]
[WhiteElo "1310"]
[BlackElo "1691"]

1. e4 c5 2. d4 cxd4 3. c3 dxc3 4. Nxc3 Nc6 5. Nf3 d6 6. Bc4 e6 7. e5 d5 8. Bb3
Bb4 9. Bd2 Nge7 10. O-O O-O 11. Ne2 Bxd2 12. Qxd2 Ng6 13. Qe3 Qc7 14. Rac1
Ngxe5 15. Nxe5 Qxe5 16. Qxe5 Nxe5 17. Rc3 b6 18. Re1 Ba6 19. Re3 Nd3 20. Rb1
Nc5 21. Bd1 Bxe2 22. Bxe2 Rac8 23. b3 Rc7 24. b4 Ne4 25. Ba6 Rd8 26. f3 Nc3
27. Rb2 Nd1 28. Ree2 Nxb2 29. Rxb2 Kf8 30. Kf2 e5 31. g3 Rd6 32. Be2 Rdc6 33.
Rd2 d4 34. Bd3 g6 35. Ke2 Rc1 36. Rd1 Rxd1 37. Kxd1 Rc3 38. Kd2 Ra3 {#R} 0-1

[Event "Sumr Classic (Open)"]
[Site "Boise, ID"]
[Date "2010.06.26"]
[Round "1.6"]
[White "McGarvey, James H"]
[Black "Brown, Nicholas Ross"]
[Result "1-0"]
[WhiteElo "1673"]
[BlackElo "1200"]

1. d4 Nf6 2. c4 g6 3. Nc3 Bg7 4. e4 d6 5. Nf3 O-O 6. Be2 Nbd7 7. O-O e5 8. d5
Nc5 9. Bd3 Nh5 10. Bg5 f6 11. Be3 Nxd3 12. Qxd3 Bg4 13. Ne1 f5 14. f3 fxe4 15.
fxe4 Nf4 16. Qd2 Qg5 17. Kh1 Nxd5 18. Rxf8+ Rxf8 19. Qxd5+ Kh8 20. Nc2 Qh5 21.
Qd3 Bf3 22. Ne1 a6 23. Nxf3 Rxf3 24. gxf3 Qxf3+ 25. Kg1 Bh6 26. Re1 Bf4 27.
Qe2 {#r} 1-0

[Event "Sumr Classic (Open)"]
[Site "Boise, ID"]
[Date "2010.06.26"]
[Round "1.9"]
[White "Hill, Elijah Andrew"]
[Black "Furlow, Blake"]
[Result "0-1"]
[WhiteElo "876"]
[BlackElo "1529"]

1. e4 c5 2. Nf3 Nc6 3. Nc3 Nf6 4. Bc4 d6 5. d3 g6 6. Be3 Bg7 7. Qd2 e6 8. Bg5
O-O 9. O-O a6 10. a4 Bd7 11. d4 Qc7 12. Rfe1 Na5 13. Bd3 c4 14. e5 Nd5 15.
Nxd5 exd5 16. exd6 Qb6 17. Ne5 Be6 18. d7 f6 19. Bh6 fxe5 20. Bxg7 Kxg7 21.
Rxe5 cxd3 22. cxd3 Nb3 23. Qe1 Nxa1 24. Rxe6 Qxd4 25. Rd6 Rad8 26. b3 Rf7 27.
Qe2 Rdxd7 28. Re6 Nxb3 29. h3 Nc1 30. Qe1 Nxd3 31. Qd2 Qxf2+ 32. Qxf2 Nxf2 33.
Rb6 Ne4 34. Rb4 Nc5 35. Rd4 Nb3 36. Rb4 Nc1 37. Rb2 d4 38. Rc2 Nb3 39. Rb2 d3
40. Kh2 d2 41. Rxb3 d1=Q 42. Ra3 Qd6+ {#R} 0-1

[Event "Sumr Classic (Open)"]
[Site "Boise, ID"]
[Date "2010.06.26"]
[Round "2.1"]
[White "Roland, Jeffrey T"]
[Black "Kircher, Caleb Paul"]
[Result "0-1"]
[WhiteElo "1754"]
[BlackElo "1668"]

1. d4 Nf6 2. c4 g6 3. Nc3 Bg7 4. e3 O-O 5. g3 d5 6. cxd5 Nxd5 7. Bg2 c6 8. Nf3
Bg4 9. O-O e6 10. h3 Bxf3 11. Qxf3 Qb6 12. Ne4 Nd7 13. Bd2 e5 14. Nc3 Ne7 15.
dxe5 Nxe5 16. Qe2 Rad8 17. Na4 Qb5 18. Qxb5 cxb5 19. Bb4 Rfe8 20. Nc3 N7c6 21.
Bxc6 Nxc6 22. a3 Nxb4 23. axb4 a6 24. Rfd1 h5 25. Rab1 Kf8 26. Rd5 Rxd5 27.
Nxd5 Rd8 28. Nc3 Rd2 29. Nd1 Rc2 30. b3 Ke8 31. e4 Bd4 32. Kf1 Ke7 33. Ne3
Bxe3 34. fxe3 Ke6 35. Rd1 Rc3 36. Ke2 Rxb3 37. Rd4 Ke5 38. h4 Rb2+ 39. Kf3 Rc2
40. Rd5+ Ke6 41. Rd4 Rc4 42. Kf4 f6 43. Kf3 b6 44. Kf4 Rc6 45. g4 hxg4 46.
Kxg4 Rd6 47. h5 gxh5+ 48. Kxh5 a5 {#R} 0-1

[Event "Sumr Classic (Open)"]
[Site "Boise, ID"]
[Date "2010.06.26"]
[Round "2.3"]
[White "Douglas, Kurt P"]
[Black "Stewart, David Wayne"]
[Result "1/2-1/2"]
[WhiteElo "1691"]
[BlackElo "1524"]

1. e4 e5 2. Nf3 Nc6 3. Bb5 a6 4. Ba4 Nf6 5. O-O b5 6. Bb3 d6 7. Re1 Be7 8. h3
Na5 9. c3 Nxb3 10. Qxb3 Be6 11. Qd1 Qd7 12. d4 Bxh3 13. dxe5 Qg4 14. Nh4 Qxh4
15. exf6 gxf6 16. g3 Qg4 17. Qxg4 Bxg4 18. Kg2 h5 19. f3 Be6 20. Bf4 f5 21.
exf5 Bxf5 22. Bg5 Be6 23. Bxe7 Kxe7 24. Nd2 d5 25. Rad1 Rag8 26. Nf1 Kd6 27.
Ne3 c5 28. b4 Rg7 29. Rxd5+ Bxd5 30. Nf5+ Kc6 31. Nxg7 cxb4 32. cxb4 Bxa2 {#d}
1/2-1/2

[Event "Sumr Classic (Open)"]
[Site "Boise, ID"]
[Date "2010.06.26"]
[Round "2.4"]
[White "Furlow, Blake"]
[Black "McGarvey, James H"]
[Result "1/2-1/2"]
[WhiteElo "1529"]
[BlackElo "1673"]

1. Nf3 d5 2. d4 Nf6 3. c4 c5 4. Nc3 e6 5. Bg5 Be7 6. e3 Nc6 7. a3 O-O 8. Rc1
cxd4 9. exd4 dxc4 10. Bxc4 Nd5 11. Bxe7 Ncxe7 12. O-O Bd7 13. Ne5 Bc6 14. Qd2
Rc8 15. f4 Nf6 16. Qd3 Nf5 17. Ne2 Be4 18. Qd2 Nd5 19. Ng3 Nxg3 20. hxg3 Nf6
21. g4 Bd5 22. Be2 Ne4 23. Qe3 Qh4 24. Rxc8 Rxc8 25. Rf3 Qe1+ 26. Bf1 Qxe3+
27. Rxe3 Nd2 28. Be2 Rc1+ 29. Kh2 Nc4 30. Nxc4 Bxc4 31. Bxc4 Rxc4 32. Rc3 b5
33. Rxc4 bxc4 34. Kg3 Kf8 35. Kf3 Ke7 36. Ke4 Kd6 37. f5 f6 38. fxe6 Kxe6 39.
d5+ Kd6 40. Kd4 g6 41. Kxc4 a6 42. b4 f5 43. gxf5 gxf5 44. a4 h5 45. b5 axb5+
46. Kxb5 h4 47. Kb6 h3 48. gxh3 f4 49. a5 f3 50. a6 f2 51. a7 f1=Q 52. a8=Q
Qb1+ {#d} 1/2-1/2

[Event "Sumr Classic (Open)"]
[Site "Boise, ID"]
[Date "2010.06.26"]
[Round "2.6"]
[White "Brown, Nicholas Ross"]
[Black "Buckendorf Jr., Glen"]
[Result "1-0"]
[WhiteElo "1200"]
[BlackElo "1800"]

1. Nf3 c5 2. g3 Nc6 3. Bg2 g6 4. d3 Bg7 5. e4 d6 6. Be3 e5 7. Nc3 Nge7 8. O-O
O-O 9. Nh4 f5 10. Bg5 h6 11. Bxe7 Nxe7 12. exf5 Bxf5 13. Nxf5 Nxf5 14. Bxb7
Rb8 15. Bd5+ Kh8 16. Rb1 Nd4 17. Qg4 Qe8 18. Qd1 g5 19. Ne2 Nf3+ 20. Bxf3 Rxf3
21. Nc3 Qh5 22. Re1 Rbf8 23. Ne4 Qh3 24. Re3 Rxe3 25. fxe3 Qe6 26. c4 Rd8 27.
Qa4 Rd7 28. Qc6 Bf8 29. Nxc5 Rc7 30. Nxe6 Rxc6 31. Nxf8 Kg8 32. Rf1 Rc8 33.
Ng6 Kg7 34. Ne7 Rb8 35. b3 Rb6 36. Nd5 Ra6 37. a4 Rc6 38. Rf6 Ra6 39. Kf2 Ra5
40. Rxd6 Rc5 41. Rd7+ Kg6 42. Rxa7 Kf5 43. h3 g4 44. hxg4+ Kxg4 45. d4 exd4
46. exd4 Rc8 47. a5 Rf8+ 48. Kg2 Rb8 49. b4 Rc8 50. a6 Rxc4 51. Ne3+ {#r} 1-0

[Event "Sumr Classic (Open)"]
[Site "Boise, ID"]
[Date "2010.06.26"]
[Round "2.9"]
[White "Lang, Jamie"]
[Black "Hill, Elijah Andrew"]
[Result "0-1"]
[WhiteElo "1411"]
[BlackElo "876"]

1. e4 c5 2. Nf3 Nc6 3. d4 cxd4 4. Nxd4 e5 5. Nf3 Nf6 6. Bg5 Be7 7. Nc3 d6 8.
Be2 Qb6 9. Bxf6 Bxf6 10. Nd5 Qd8 11. O-O $2 O-O $2 12. Re1 Be6 13. Bc4 Bxd5
14. Bxd5 Rb8 15. c3 Qe7 16. Qa4 b5 17. Qc2 Rfc8 18. a4 Nb4 19. Qe2 Nxd5 20.
exd5 b4 21. c4 a5 22. Rab1 Re8 23. Nd2 Rbc8 24. b3 Rc7 25. Ne4 Bg5 26. g3 f5
27. Nxg5 Qxg5 28. f4 Qf6 29. Qe3 Rb7 30. Re2 e4 31. Rc1 Rc8 32. Rec2 Qe7 33.
c5 dxc5 34. Rxc5 Rxc5 35. Rxc5 Qd8 36. Qd4 Rc7 37. d6 Rd7 38. Qd5+ Kh8 39.
Rxa5 Qb6+ 40. Kg2 h6 41. Qxf5 Rxd6 42. Qf8+ Kh7 43. Qf5+ Rg6 44. Rb5 Qe6
{(time)} {#R} 0-1

[Event "Sumr Classic (Open)"]
[Site "Boise, ID"]
[Date "2010.06.26"]
[Round "3.1"]
[White "Pellam, Randall W"]
[Black "Kircher, Caleb Paul"]
[Result "1/2-1/2"]
[WhiteElo "1936"]
[BlackElo "1668"]

1. e4 d5 2. exd5 Nf6 3. d4 Nxd5 4. c4 Nb6 5. Be3 Nc6 6. Nf3 Bg4 7. Be2 e6 8.
O-O Be7 9. h3 Bxf3 10. Bxf3 Nxc4 11. Bxc6+ bxc6 12. Qc2 Nb6 13. Qxc6+ Qd7 14.
Qxd7+ Kxd7 15. Nc3 c6 16. Rac1 Nd5 17. Ne4 Rab8 18. b3 Rb5 19. Nc5+ Bxc5 20.
Rxc5 Rhb8 21. Rfc1 Rxc5 22. dxc5 Rb4 23. Kf1 e5 24. Ke2 Ke6 25. f3 Rb5 26. g3
f5 27. Bd2 a5 28. Rc4 h6 29. Ra4 Nb4 30. a3 Nc2 31. b4 axb4 32. Bxb4 Kd5 33.
Ra7 Nxb4 34. axb4 Rxb4 35. Rxg7 Kxc5 36. g4 fxg4 37. hxg4 Rd4 38. Re7 e4 39.
fxe4 Kd6 40. Re8 Kd7 41. Re5 {#d} 1/2-1/2

[Event "Sumr Classic (Open)"]
[Site "Boise, ID"]
[Date "2010.06.26"]
[Round "3.3"]
[White "Ungureanu, Razvan"]
[Black "Furlow, Blake"]
[Result "1-0"]
[WhiteElo "1700"]
[BlackElo "1529"]

1. e4 c5 2. Nf3 Nc6 3. d4 cxd4 4. Nxd4 Nf6 5. Nc3 g6 6. Be2 Bg7 7. Be3 d6 8.
Nb3 O-O 9. O-O a6 10. f4 Qc7 11. Bf3 Rd8 12. Qe2 b5 13. a3 Bb7 14. Rad1 Nd7
15. Nd5 Qb8 16. c3 e6 17. Nb6 Nxb6 18. Bxb6 Rd7 19. Rd2 Ne7 20. Nc5 Bxe4 21.
Nxd7 Bxf3 22. Qxf3 Qc8 23. Rxd6 Nd5 24. Rxd5 exd5 25. Qxd5 Qe8 26. Kf2 {#r}
1-0

[Event "Sumr Classic (Open)"]
[Site "Boise, ID"]
[Date "2010.06.26"]
[Round "3.5"]
[White "Stewart, David Wayne"]
[Black "Roland, Jeffrey T"]
[Result "1-0"]
[WhiteElo "1524"]
[BlackElo "1754"]

1. e4 c5 2. Nf3 d6 3. d4 cxd4 4. Nxd4 Nf6 5. Nc3 a6 6. Bc4 e6 7. Bb3 Be7 8.
Qf3 O-O 9. g4 Nc6 10. Be3 Nxd4 11. Bxd4 e5 12. Be3 Bxg4 13. Qg3 Be6 14. Rg1 g6
15. O-O-O Bxb3 16. axb3 Re8 17. f3 Rc8 18. Bg5 Nh5 19. Bxe7 Nxg3 20. Bxd8 Rxc3
21. Rxg3 {#r} 1-0

[Event "Sumr Classic (Open)"]
[Site "Boise, ID"]
[Date "2010.06.26"]
[Round "3.7"]
[White "Dominick, Matthew Thomas"]
[Black "Brown, Nicholas Ross"]
[Result "1/2-1/2"]
[WhiteElo "1369"]
[BlackElo "1200"]

1. d4 Nf6 2. e3 g6 3. Bd3 d6 4. h3 Bg7 5. f4 Nbd7 6. Nf3 c5 7. c3 a6 8. Nbd2
b5 9. O-O Bb7 10. a4 Qb6 11. axb5 axb5 12. Rxa8+ Bxa8 13. Rf2 O-O 14. g4 Nd5
15. Qe2 b4 16. c4 cxd4 17. Nxd4 Nxe3 18. N2f3 Bxf3 19. Nxf3 Nxg4 20. hxg4 Ra8
21. Be3 Ra1+ 22. Kg2 Qc6 23. b3 e5 24. Qc2 Nc5 25. Bxc5 dxc5 26. Be4 Qd7 27.
Nh2 exf4 28. Bd5 Be5 29. Qe4 Qc7 30. Nf3 Bf6 31. g5 Bc3 {(The game was
adjourned here with White to move. It was completed at IHOP on Federal Way
immediately after leaving the building. The site closed at 10:00 p.m. --
Roland.)} 32. Nh4 Be5 33. Nf3 Bc3 34. Re2 Ra7 35. Nh4 Kg7 {(The Draw was
offered by Matthew Dominick (without a move) and was immediately accepted by
Nick Brown. Time game completed was 11:15 p.m. -- Roland.)} {#d} 1/2-1/2

[Event "Sumr Classic (Open)"]
[Site "Boise, ID"]
[Date "2010.06.27"]
[Round "4.2"]
[White "Kircher, Caleb Paul"]
[Black "Stewart, David Wayne"]
[Result "0-1"]
[WhiteElo "1668"]
[BlackElo "1524"]

1. f4 d5 2. e3 Nf6 3. Nf3 Bf5 4. b3 e6 5. Bb2 Be7 6. Be2 Nbd7 7. O-O O-O 8.
Nh4 c6 9. Nxf5 exf5 10. Bf3 Ne4 11. d3 Bf6 12. d4 Re8 13. Qd3 Ndc5 14. Qd1 a5
15. c3 Nd7 16. Bxe4 Rxe4 17. Rf3 Qe7 18. Kf2 Re8 19. Qd3 g6 20. Ba3 Qd8 21.
Nd2 R4e6 22. Re1 Be7 23. Bb2 Nf6 24. Kg1 Ne4 25. Rh3 Nxd2 26. Qxd2 Bd6 27. Qd3
Bxf4 28. Rf3 Re4 29. g3 Bh6 30. Kf2 Qd6 31. Re2 f6 32. Bc1 Kf7 33. c4 dxc4 34.
Qxc4+ R8e6 35. Bd2 b5 36. Qc3 b4 37. Qc4 c5 38. dxc5 Rxc4 39. cxd6 Rce4 40.
Bc1 Rxd6 41. Bb2 Rd5 42. Bd4 g5 43. Rc2 g4 44. Rc7+ Re7 45. Rxe7+ Kxe7 46. Rf4
Bxf4 47. gxf4 h5 48. Kg3 Kf7 49. h3 Ke6 50. hxg4 hxg4 51. Bb6 Rd3 52. Bxa5
Rxe3+ 53. Kg2 Re2+ 54. Kg3 Rxa2 55. Bxb4 Rb2 56. Bf8 Rxb3+ 57. Kg2 Kd5 58. Bg7
Ke4 59. Bxf6 Kxf4 60. Bh8 Ke4 61. Bf6 f4 62. Bg7 Ra3 63. Kf2 Ra2+ {#R} 0-1

[Event "Sumr Classic (Open)"]
[Site "Boise, ID"]
[Date "2010.06.27"]
[Round "4.5"]
[White "McGarvey, James H"]
[Black "Dominick, Matthew Thomas"]
[Result "1-0"]
[WhiteElo "1673"]
[BlackElo "1369"]

1. d4 d5 2. c4 c6 3. Nc3 e6 4. cxd5 exd5 5. Nf3 Bg4 6. Bg5 Nf6 7. e3 Nbd7 8.
Bd3 Bd6 9. O-O Qc7 10. Be2 Bxf3 11. Bxf3 Bxh2+ 12. Kh1 Bd6 13. Rc1 O-O 14.
Bxf6 Nxf6 15. Nxd5 Qa5 16. Nxf6+ gxf6 17. Be4 Qg5 18. f4 Qh4+ 19. Kg1 Rae8 20.
Rf3 Qh6 21. Rg3+ Kh8 22. Rh3 Qxh3 23. gxh3 Rxe4 24. Kf2 Rfe8 25. Rc3 f5 26.
Qh5 Be7 27. Qxf5 Bh4+ 28. Kf3 R4e7 29. Qh5 Be1 30. Rd3 Rg8 31. Qf5 Bh4 32. Rb3
Rg3+ 33. Ke2 Re6 34. Qxf7 Reg6 35. Rxb7 Rxe3+ 36. Kxe3 Rg3+ 37. Ke4 Re3+ 38.
Kxe3 Bf2+ {#r} 1-0

[Event "Sumr Classic (Open)"]
[Site "Boise, ID"]
[Date "2010.06.27"]
[Round "4.6"]
[White "Furlow, Blake"]
[Black "Brown, Nicholas Ross"]
[Result "1-0"]
[WhiteElo "1529"]
[BlackElo "1200"]

1. e4 c5 2. Nf3 Nc6 3. d4 cxd4 4. Nxd4 Nf6 5. Nc3 Qa5 6. f3 g6 7. Be3 Bg7 8.
Bc4 Qc5 9. Bb3 e5 10. Nf5 Nd4 11. Nxg7+ Kf8 12. Bh6 Kg8 13. Qd2 b5 14. O-O-O
a5 15. Nd5 Nxd5 16. Bxd5 Ra7 17. c3 Rc7 18. Ne8 Ra7 19. Nf6# 1-0

[Event "Sumr Classic (Open)"]
[Site "Boise, ID"]
[Date "2010.06.27"]
[Round "4.7"]
[White "Roland, Jeffrey T"]
[Black "Patterson, Kevin R"]
[Result "1/2-1/2"]
[WhiteElo "1754"]
[BlackElo "1310"]

1. d4 c6 2. c4 d5 3. Nc3 dxc4 4. a4 h6 5. e3 Bf5 6. Bxc4 e6 7. Nf3 Nd7 8. O-O
Qc7 9. Bd2 Ngf6 10. Re1 Bd6 11. e4 Bxe4 12. Nxe4 Nxe4 13. Rxe4 Nf6 14. Re1
O-O-O 15. b4 g5 16. Ne5 Bxe5 17. dxe5 Nd7 18. Qe2 Qxe5 19. Qxe5 Nxe5 20. Bc3
Nxc4 21. Bxh8 Rxh8 22. b5 Na5 23. bxc6 Nxc6 24. Rec1 a6 25. Rab1 Rd8 {#d}
1/2-1/2

[Event "Sumr Classic (Open)"]
[Site "Boise, ID"]
[Date "2010.06.27"]
[Round "4.8"]
[White "Hill, Elijah Andrew"]
[Black "Patterson, Emily N"]
[Result "1-0"]
[WhiteElo "876"]
[BlackElo "1488"]

1. e4 e6 2. d4 d5 3. exd5 exd5 4. Nf3 Bg4 5. Be2 Nf6 6. Ne5 Bxe2 7. Qxe2 Qe7
8. O-O g6 9. Nc3 Bg7 10. Bg5 c6 11. Rfe1 O-O 12. Qd2 Re8 13. Nxg6 Qd7 14. Ne5
Qf5 15. Bh6 Qh5 16. Bxg7 Kxg7 17. Re3 Nbd7 18. Rg3+ Kf8 19. Rg5 Qh4 20. Re1
Nxe5 21. dxe5 Ne4 22. Nxe4 dxe4 23. Qd6+ Re7 24. Qf6 Re6 25. Rg8+ Kxg8 26.
Qxh4 Kh8 27. h3 Rg8 28. Rxe4 Reg6 29. g3 Rg5 30. Qf4 R8g6 31. Qxf7 Rg7 32. Qf6
R5g6 33. Qd8+ Rg8 34. Qd4 R6g7 35. e6 Re8 36. e7 Kg8 37. Qc4+ Rf7 38. Rg4+ Kh8
39. Qxf7 {#r} 1-0

[Event "Sumr Classic (Open)"]
[Site "Boise, ID"]
[Date "2010.06.27"]
[Round "4.9"]
[White "Lang, Jamie"]
[Black "Buckendorf Jr., Glen"]
[Result "1/2-1/2"]
[WhiteElo "1411"]
[BlackElo "1800"]

1. e4 c5 2. Nf3 Nc6 3. d4 cxd4 4. Nxd4 e5 5. Nxc6 bxc6 6. Nc3 Nf6 7. Bd3 Be7
8. Be3 O-O 9. O-O d5 10. exd5 cxd5 11. Bg5 h6 12. Bh4 e4 13. Be2 Be6 14. Qd2
Rb8 15. Rab1 Kh8 16. f3 Ng8 17. Bxe7 Nxe7 18. fxe4 d4 19. Nb5 Qb6 20. Nxd4
Bxa2 21. Ra1 Qxb2 22. Rfd1 Rfd8 23. c3 Qxd2 24. Rxd2 Be6 25. Rxa7 Rb1+ 26. Rd1
Rxd1+ 27. Bxd1 Ng6 28. Bf3 Bc4 29. Rc7 Ne5 30. Be2 Ba2 31. Nc6 Nxc6 32. Rxc6
Bb1 33. Bf3 Rd2 34. Kf1 Bd3+ 35. Ke1 Rb2 36. Rc8+ Kh7 37. c4 Rc2 38. c5 Bb5
39. Kd1 Ba4 40. Ke1 Kg6 41. Rc7 Kf6 42. h3 Kg6 43. Ra7 Bb3 44. Ra5 Kf6 45.
Ra6+ Ke7 46. c6 Kd6 47. e5+ Kxe5 {#d} 1/2-1/2